000
00251nam a22001097a 4500
082
_a
920/JOS
100
_a
Joshi,Sanjay P.
_9
83527
245
_a
Sardar Vallabhbhai Patel
260
_a
New Delhi
_b
Hawak Prees
_c
2022
650
_a
Biography
942
_c
BK
999
_c
68472
_d
68472